000 00292 a2200145 4500
003 Nust
005 20170207153906.0
028 _aKatson Books
040 _cNust
082 _a621.3827
100 _aSapa Katiyar
245 _aOptical Fiber Commuication
300 _a1-484
518 _aNew Delhi
942 _2ddc
_cBK
999 _c190275
_d190275